000 00418nam a2200145Ia 4500
008 231129s1990||||xx |||||||||||||| ||spa||
020 _a958-543-137-1
040 _bspa
082 _a370.986 S231ó
100 _aSantander Francisco de Paula
245 0 _aObra educativa de Santander
260 _c1990
264 _aFundación Francisco de Paula Santander
942 _2ddc
_cBKS
999 _c21974
_d21974